000
00202 a2200097 4500
001
42513
100
_a
Asprey
245
_a
War in the Shadows
260
_a
London
_b
Macdonald
_c
090
_c
26425
_d
26425
942
_a
NUST-CAE
_c
M
_c
18253
999
_c
277586
_d
277586